| 000 -LEADER |
| fixed length control field |
01255nam a22001577a 4500 |
| 008 - FIXED-LENGTH DATA ELEMENTS--GENERAL INFORMATION |
| fixed length control field |
210828b ||||| |||| 00| 0 eng d |
| 100 ## - MAIN ENTRY--PERSONAL NAME |
| Personal name |
Soreide, Kavita N. |
| 245 ## - TITLE STATEMENT |
| Title |
Governance gaps in the sixth schedule mechanisms in Meghalaya |
| 260 ## - PUBLICATION, DISTRIBUTION, ETC. (IMPRINT) |
| Place of publication, distribution, etc |
Indian Journal of Public Administration |
| 300 ## - PHYSICAL DESCRIPTION |
| Extent |
66(4), Dec, 2020: 466-480 |
| 520 ## - SUMMARY, ETC. |
| Summary, etc |
The legal-political discourse at the time of drafting of independent India’s Constitution resulted in a unique constitutional arrangement guaranteeing a model of self-government through setting up Autonomous District Councils (ADCs) for some of India’s designated tribal communities. This constitutional modality governing the tribal majority regions in India’s North-east is known as the Sixth Schedule. Given the pre-existing tribal institutions, it was implied that ADCs were to act as ‘bridges of governance’ between the state and traditional polity. This article tries to look at the nature of governance and gaps in governance through the lens of ADCs. – Reproduced
|
| 650 ## - SUBJECT ADDED ENTRY--TOPICAL TERM |
| Topical term or geographic name as entry element |
Sixth schedule, Governance gaps, Autonomous district council, Khasi hills |
| 9 (RLIN) |
27057 |
| 773 ## - HOST ITEM ENTRY |
| Main entry heading |
Indian Journal of Public Administration |
| 906 ## - LOCAL DATA ELEMENT F, LDF (RLIN) |
| Subject DIP |
PUBLIC ADMINISTRATION - MEGHALAYA |
| 942 ## - ADDED ENTRY ELEMENTS (KOHA) |
| Item type |
Articles |